Statistics for Auckland Transport Quiz

Click here to take the quiz!

General Stats

  • This quiz has been taken 13 times
  • The average score is 9 of 16

Answer Stats

HintAnswer% Correct
10Name a train station that starts with a 'T'Takanini / Te Papapa
83%
3Name a valid bus company in AucklandBirkenhead Transport / Go Bus / Intercity / NZ bus / Ritchies Transport / Tranzit Group / Tranzurban Auckland
75%
7Name a valid train station that starts with a 'H'Homai / Henderson
75%
12Name a valid station that you can transfer for Te Huia linePuhinui / Papakura
75%
8Name the train station that start with an 'A'Avondale
67%
1Name a valid train depot in AucklandWiri / The Strand / Westfield
67%
4Name a valid bus route that is in Westgate122 / 125 / 125X / 14W / 14T / 120 /129 / 112 / 111 / 114 / 110
58%
14Name a valid station that ONE LS line does not stop atParnell / Remurea / Greenlane
58%
15Complete this sentence - this is announced when NX1 reaches Smales Farm station.
"Smales Farm Bus Station. Transfer here for buses to ______"
Takapuna
58%
6Name a valid bus route that goes on the Highway 16 bridgeWX1 / 11T / 11W / 132 / 149
50%
5Name a valid bus route that is in Devenport or Belmont801 / 802 / 806 / 807 / 814
42%
9According to AT Metro, when is Mt Eden closed until?Late 2024
42%
11Name a closed station that is not Mt Eden nor PukekoheOrakei / Meadowbank / Glen Innes / Panmure / Sylvia Park
42%
13Name a valid ferry by Fullers360 that it not DEV or GULFRANG / MTIA / HOBS / HMB
33%
16Where does FBGH go. Give your answer in this format "<place 1> and <place 2>"

For example, EAST goes to "Britomart and Manukau"
Britomart <---> Gulf Harbour
25%
2What do you call a flashing yellow signalAdvance Caution / Preliminary Caution
8%

Score Distribution

Percentile by Number Answered

Percent of People with Each Score

Your Score History

You have not taken this quiz